| Поле | Инд. | ПП | Название | Значение |
|---|---|---|---|---|
| Тип записи | a | |||
| Библиографический уровень | m | |||
| 001 | Контрольный номер | RU/LIBMSTU/342877136 | ||
| 005 | Дата корректировки | 20200427110634.7 | ||
| 008 | Кодируемые данные | 101116|||||||||ru |||||||||||000|||rus|| | ||
| 020 | a | ISBN | 5-7107-8539-3 | |
| c | Цена, тираж | 175-00 | ||
| 040 | b | Код языка каталог. | rus | |
| 041 | 0_ | a | Код языка текста | rus |
| 084 | a | Индекс другой классификации/Индекс ББК | 60.99я7+60.56я7 | |
| 090 | a | Полочн. индекс | 60.9 | |
| x | Авторский знак | Ш 95 | ||
| 100 | 1_ | a | Автор | Шульга Т. И. |
| 245 | 10 | a | Заглавие | Работа с неблагополучной семьей |
| b | Продолж. заглавия | учеб. пособие для вузов | ||
| 260 | a | Место издания | Москва | |
| b | Издательство | Дрофа | ||
| c | Дата издания | 2005 | ||
| 300 | a | Объем | 253, [1] с. | |
| 440 | _0 | a | Серия | Высшее образование |
| 504 | a | Библиография | Библиогр.: с. 239-251 | |
| 650 | 04 | a | Основная рубрика | Социальная работа-Семья-Учебные издания для высших учебных заведений |
| 653 | 0_ | a | Ключевые слова | Воспитание детей |
| a | Ключевые слова | Дети-сироты | ||
| a | Ключевые слова | Психологическая характеристика | ||
| a | Ключевые слова | Работа социальная | ||
| a | Ключевые слова | Семья | ||
| a | Ключевые слова | Семья неблагополучная | ||
| a | Ключевые слова | Социальная помощь семье | ||
| a | Ключевые слова | Усыновление международное | ||
| 901 | t | Тип документа | m | |
| 952 | b | Гриф литературы для ВШ | Допущено УМО по образованию в области соц. работы | |
| c | Вид литературы | учебное пособие |